00500 2200169 4500001002100000005001500021035002000036245007600056100001800132300002900150260003600179082000800215084001400223650003600237008004100273990001600314INLIS00000000000430120250204093051 a0010-01250001511 aCara Mudah Memahami Statistik 1 :bStatistik Deskriptif /cNata Wirawan0 aWirawan, Nata a275 hlm :bilus ;c24 Cm aDenpasar :bKeraras Emas,c2001 a310 a310 WIR c 4aCara Mudah Memahami Statistik 1250204 0  a00000008087